Synergetic principles of physical mesomechanics; Theoretical and applied fracture mechanics; Vol. 37, iss. 1-3, Dec.

Detaylı Bibliyografya
Parent link:Theoretical and applied fracture mechanics
Vol. 37, iss. 1-3, Dec..— 2001.— P. 261-298
Yazar: Panin V. E. Viktor Evgenyevich
Özet:A synergetic methodology of physical mesomechanics is developed. Fundamental principles underlying the approach are discussed and formulated. The methodology is shown to account for and substantiate well-known plastic-deformation and fracture mechanisms in solids under various loading conditions. An analysis of the available experimental evidence suggests that the key meso- and macroscale processes developed in solids under load occur at maximum tangential stresses. Microscale deformation caused by dislocations is self-adaptable. Physical mesomechanics establishes natural relations between the physics of dislocation-induced deformation, continuum mechanics of solids, and fracture mechanics.
В фонде НТБ ТПУ отсутствует
Dil:İngilizce
Baskı/Yayın Bilgisi: 2001
Konular:
Materyal Türü: MixedMaterials Kitap Bölümü
KOHA link:https://koha.lib.tpu.ru/cgi-bin/koha/opac-detail.pl?biblionumber=597602

MARC

LEADER 00000naa0a2200000 4500
001 597602
005 20250207162855.0
035 |a (RuTPU)RU\TPU\tpu\20917 
035 |a RU\TPU\tpu\20916 
090 |a 597602 
100 |a 20120323d2001 k||y0rusy50 ba 
101 0 |a eng 
102 |a RU 
200 1 |a Synergetic principles of physical mesomechanics  |f V. E. Panin 
330 |a A synergetic methodology of physical mesomechanics is developed. Fundamental principles underlying the approach are discussed and formulated. The methodology is shown to account for and substantiate well-known plastic-deformation and fracture mechanisms in solids under various loading conditions. An analysis of the available experimental evidence suggests that the key meso- and macroscale processes developed in solids under load occur at maximum tangential stresses. Microscale deformation caused by dislocations is self-adaptable. Physical mesomechanics establishes natural relations between the physics of dislocation-induced deformation, continuum mechanics of solids, and fracture mechanics. 
333 |a В фонде НТБ ТПУ отсутствует 
461 |t Theoretical and applied fracture mechanics 
463 |t Vol. 37, iss. 1-3, Dec.  |v P. 261-298  |d 2001 
610 1 |a труды учёных ТПУ 
700 1 |a Panin  |b V. E.  |c Director of Russian materials science center  |c Research advisor of Institute of strength physics and materials science of Siberian branch of Russian Academy of Sciences  |f 1930-  |g Viktor Evgenyevich  |3 (RuTPU)RU\TPU\pers\26443 
801 1 |a RU  |b 63413507  |c 20120323 
801 2 |a RU  |b 63413507  |c 20120424  |g RCR 
942 |c CR